| 000 | 00452nam a22001817a 4500 | ||
|---|---|---|---|
| 005 | 20250224163003.0 | ||
| 008 | 250224b |||||||| |||| 00| 0 eng d | ||
| 020 | _a9788121911009 | ||
| 050 |
_aHF5635 _bSHU |
||
| 100 | _aShukla, M. C. | ||
| 245 | _aAdvanced accounts | ||
| 250 | _bVOL II | ||
| 260 |
_aNew Delhi _bS. Chand and Company Ltd. _c2004 |
||
| 300 | _axiii, 32.8p | ||
| 700 | _aGrewal, T. S. | ||
| 700 | _aGupta, S. C | ||
| 942 |
_2lcc _cBK _n0 |
||
| 999 |
_c4263 _d4263 |
||